|
|
|
|
| LEADER |
00000nas a22000007a 4500 |
| 001 |
arbauadP000051 |
| 003 |
AR-BaUAD |
| 005 |
20250704140310.0 |
| 008 |
250520s1919 ag r 0 b spa d |
| 040 |
|
|
|c AR-BaUAD
|b spa
|d AR-BaUAD
|
| 041 |
|
|
|a spa
|
| 044 |
|
|
|a ag
|
| 080 |
|
|
|a 72
|x (82)
|
| 245 |
1 |
0 |
|a El arquitecto :
|b revista mensual de arquitectura, construcción y artes aplicadas.
|
| 260 |
|
0 |
|a Buenos Aires :
|b Croce Mujica y Squirru,
|c 1919-
|
| 300 |
|
|
|a v.
|b il., fot., planos, plantas
|
| 500 |
|
|
|a Descripción basada en : vaño 3 n°25, agosto 1922.
|
| 655 |
|
|
|a PUBLICACIONES PERIODICAS
|
| 942 |
|
|
|2 udc
|n 0
|c CR
|
| 990 |
|
|
|a MJO
|b OP
|
| 998 |
|
|
|b Koha2024P
|a AAQ
|
| 999 |
|
|
|c 24069
|d 24069
|